| 000 | 00799cam a2200277 a 4500 | ||
|---|---|---|---|
| 999 |
_c1654 _d1654 |
||
| 001 | 1654 | ||
| 003 | UkOxU | ||
| 005 | 20171022210545.0 | ||
| 008 | 040920s1998 nyua b 001 0aeng | ||
| 020 | _a0810935899 | ||
| 020 | _a0810990938 (pbk.) | ||
| 035 | _a(BD-JhCC)1654 | ||
| 040 |
_aBD-JhCC _dBD-JhCC |
||
| 041 | _aeng | ||
| 082 |
_a745.4492 _bLEO 1998 |
||
| 100 | 1 | _aLarsen, Jack Lenor. | |
| 245 | 1 | 0 |
_aJack Lenor Larsen : _ba weaver's memoir / _cby Jack Lenor Larsen. |
| 246 | 3 | 0 | _aWeaver's memoir |
| 260 |
_aNew York : _bH.N. Abrams, _c1998. |
||
| 300 |
_a160 p. : _bill. (some col.) ; _c27 cm. |
||
| 504 | _aIncludes bibliographical references and index. | ||
| 600 | 1 | 0 | _aLarsen, Jack Lenor. |
| 650 | 0 |
_aMale weavers _zUnited States _vBiography. |
|
| 942 |
_2ddc _cBK |
||